The voyage of the Ludgate Hill : travels with Robert Louis Stevenson /

A poem inspired by Robert Louis Stevenson's letters describes how the author and his wife survived a stormy ocean voyage with a shipload of exotic animals.

Bibliographic Details
Main Author: Willard, Nancy
Other Authors: Provensen, Martin, Provensen, Alice
Format: Book
Language:English
Published: San Diego : Harcourt Brace Jovanovich, [1987]
Edition:1st ed.
Subjects:

MARC

Tag First Indicator Second Indicator Subfields
LEADER 00000cam a2200000 a 4500
001 in00000009381
005 20151007051531.0
008 860801s1987 caua j 00010 eng
010 |a  86019502  
020 |a 0152944648 (lib. bdg.) :  |c $14.95 
020 |z 0152380558 
035 |a (OCoLC)14098966 
035 |9 AAA3466AM 
040 |a DLC  |c DLC  |d UtOrBLW 
049 |a [Curr Col] TXAM  |c [A11011249] 
050 0 0 |a PS3573.I444  |b V68 1987 
082 0 |a 811/.54  |2 19 
100 1 |a Willard, Nancy. 
245 1 4 |a The voyage of the Ludgate Hill :  |b travels with Robert Louis Stevenson /  |c by Nancy Willard ; illustrated by Alice and Martin Provensen. 
250 |a 1st ed. 
264 1 |a San Diego :  |b Harcourt Brace Jovanovich,  |c [1987] 
264 4 |c ©1987 
300 |a 32 unnumbered pages :  |b color illustrations ;  |c 26 cm. 
336 |a text  |b txt  |2 rdacontent 
337 |a unmediated  |b n  |2 rdamedia 
338 |a volume  |b nc  |2 rdacarrier 
520 |a A poem inspired by Robert Louis Stevenson's letters describes how the author and his wife survived a stormy ocean voyage with a shipload of exotic animals. 
600 1 0 |a Stevenson, Robert Louis,  |d 1850-1894.  |k in fiction, drama, poetry, etc. 
650 0 |a Children's poetry, American. 
650 1 |a Sea poetry. 
650 1 |a American poetry. 
700 1 |a Provensen, Martin. 
700 1 |a Provensen, Alice. 
999 |a MARS 
999 f f |s f81343b9-2e54-3b21-83c6-9386a8bc0b94  |i dab8b442-3a6b-3103-9703-dff4bc21ab03  |t 0 
952 f f |p ric  |a Texas A&M University  |b Rellis Campus  |c Joint Library Facility  |d Remote Storage  |t 0  |e PS3573.I444 V68 1987  |h Library of Congress classification  |i unmediated -- volume  |m A14811011249 
998 f f |a PS3573.I444 V68 1987  |t 0  |l Remote Storage